000 02224cam a22005054i 4500
003 PE-LiUPU
005 20250731165528.0
008 150623s r 000 0 d
020 _a8470500457
035 _a(Sirsi) i9788470500459
040 _aPE-LiUPU
_bspa
_cPE-LiUPU
_erda
049 _aPRUA
082 0 4 _a270.9
_bH
_221
100 1 _aPreclin, E.,
_eautor.
245 1 0 _aLuchas doctrinales.
_n22 /
_cE. Preclin y E. Jarry.
264 1 _aValencia, España :
_bEdicep,
_c1976.
300 _a637 páginas :
_bil., fotos ;
_c28 centímetros
336 _atext
_2rdacontent
337 _aunmediated
_2rdamedia
338 _avolume
_2rdacarrier
490 0 _aHistoria de la Iglesia ;
_v22
505 0 _aLos dos grandes problemas doctrinales de finales del siglo XVIII. -El jansenismo en Francia y en los países bajos desde 1648 hasta 1713. -El jansenismo en el siglo XVIII. -Las órdenes religiosas fundadas antes del siglo XVI. -Las órdenes modernas de 1648 a 1789 . -Las misiones de propaganda fide en américa del norte y extremo. -El irenismo intercristiano 1648-1789. -La compañía de Jesús: evolución y supresión. -Incredulidad y lucha contra ella de 1648 a 1740. -Incredulidad y lucha contra ella 1740 a 1789. -La masonería. -Febronianismo y josefinismo.
526 _aSEG44
526 _aSEG26
526 _aP151
526 _aP150
526 _aP149
526 _aP146
526 _aP145
526 _aP126
526 _aP125
526 _aP92
526 _aP75
526 _aP74
526 _aP27
526 _aP15
650 0 4 _aIglesia Católica
_xDoctrina y controversia
_ySiglo XVIII.
700 1 _aJarry, E.,
_eautor.
942 _2ddc
_cBOOK
949 _aRC 270.9 H 22
_wDEWEY
_c1
_i15320
_lCCODEBUL1
_mBUL
_r0
_sY
_tBOOK
_u2015-6-24
_xTEOLOGIA
_PP35
_0COMPRA
_o.CIRCNOTE. No olvidar cambiar la fecha de devolución!!!!!!!
_o.STAFF. Colección General
994 _aC0
_bPEPRU
596 _a1
999 _aRC 270.9 H 22
_wDEWEY
_c36517
_i15320
_d36517
_f2021-11-8
_g6
_lCCODEBUL1
_mBUL
_q2
_r1
_sY
_tBOOK
_u2015-6-24
_xTEOLOGIA
_PP35
_0COMPRA
_o.CIRCNOTE. No olvidar cambiar la fecha de devolución!!!!!!!
_o.STAFF. Colección General
980 _81
_gALBERTO SANCHEZ Responsable de Automatización